Sinh thái học nông nghiệp và bảo vệ môi trường Bài giảng cao học

সংরক্ষণ করুন:
গ্রন্থ-পঞ্জীর বিবরন
প্রধান লেখক: Phạm Văn Phê
বিন্যাস: গ্রন্থ
প্রকাশিত: H. Nông Nghiệp 1995
বিষয়গুলি:
ট্যাগগুলো: ট্যাগ যুক্ত করুন
কোনো ট্যাগ নেই, প্রথমজন হিসাবে ট্যাগ করুন!
Thư viện lưu trữ: Trung tâm Học liệu Lê Vũ Hùng, Trường Đại học Đồng Tháp
LEADER 01007pam a22002658a 4500
001 00024219
005 20171026081023.0
008 110715s1995 ||||||Viesd
041 0 # |a Vie 
082 1 4 |a 577  |b S312TH 
100 0 # |a Phạm Văn Phê 
245 0 0 |a Sinh thái học nông nghiệp và bảo vệ môi trường  |b Bài giảng cao học  |c Phạm Văn Phê, Nguyễn Thị Lan 
260 # # |a H.  |b Nông Nghiệp  |c 1995 
300 # # |a 170tr.  |c 21cm. 
500 # # |a ĐTTS ghi: Trường ĐH Nông Nghiệp 1-Hà Nội 
650 # 4 |a Sinh thái học 
651 |a môi trường 
653 # # |a Nông nghiệp 
852 # # |b Kho giáo trình  |j KGT.0012805, KGT.0012806, KGT.0012807, KGT.0012808, KGT.0032542 
852 # # |j KGT.0012805  |b Kho mượn 
852 # # |j KGT.0012806  |j KGT.0012807  |j KGT.0032542  |j KGT.0012805  |j KGT.0012808 
910 0 # |d 15/07/2011 
980 # # |a Trung tâm Học liệu Lê Vũ Hùng, Trường Đại học Đồng Tháp